| 000 | 00692cam a2200241 4500 | ||
|---|---|---|---|
| 008 | |||
| 049 | _aMAIN | ||
| 090 | _aQH541BOU | ||
| 100 | 1 |
_aBoughey, Arthur S. _ecomp. |
|
| 245 | 1 | 0 |
_aContemporary readings in ecology _cArthur S. Boughey. |
| 260 |
_aBelmont : _bDickenson Pub. Co., _cc1969. |
||
| 300 |
_ax, 390 p. : _bill. ; _c23 cm. |
||
| 504 | _aIncludes bibliographical references. | ||
| 650 | 0 | _aEcology. | |
| 650 | 2 |
_aEcology _vessays. |
|
| 650 | 2 |
_aEnvironment _vessays. |
|
| 650 | 2 |
_aBiology _vessays. |
|
| 907 |
_a.b10014196 _b12-12-05 _c17-04-03 |
||
| 003 | |||
| 005 | 20230123133129.0 | ||
| 040 | _cNUST | ||
| 942 |
_cBOOKS _kQH541BOU |
||
| 999 |
_c143253 _d143253 |
||